Chelsea Top 10 Leaders - Statistics

General Stats
  • This quiz has been taken 388 times
    349 since last reset
  • The average score is 7 of 18
Answer Stats
Goals Apps Player % Correct
211 648 Frank Lampard
98%
164 381 Didier Drogba
96%
67 717 John Terry
91%
0 494 Petr Čech
80%
110 352 Eden Hazard
76%
17 508 César Azpilicueta
63%
76 445 Dennis Wise
23%
150 380 Peter Osgood
23%
132 169 Jimmy Greaves
20%
14 795 Ron Harris
19%
193 420 Kerry Dixon
17%
202 370 Bobby Tambling
16%
0 729 Peter Bonetti
12%
150 367 Roy Bentley
9%
64 592 John Hollins
7%
10 421 Steve Clarke
7%
108 164 George Hilsdon
5%
125 239 George Mills
3%
No matching quizzes found
Score Distribution
Percent of People with Each Score
Percentile by Number Answered
Your Score History
You have not taken this quiz since the last reset